[Event "ROM-ch U12 Girls"]
[Site "Calimanesti Caciulata"]
[Date "2016.04.24"]
[Round "8"]
[White "Croitoru, Doriana Elena"]
[Black "Drosu, Andreea Beatrice"]
[Result "1/2-1/2"]
[WhiteElo "1001"]
[BlackElo "1001"]
[PlyCount "54"]
[EventDate "2016.04.18"]
[EventType "swiss"]
[EventRounds "9"]
[EventCountry "ROU"]
[SourceTitle "EXT 2017"]
[Source "ChessBase"]
[SourceDate "2016.10.25"]
[SourceVersion "1"]
[SourceVersionDate "2016.10.25"]
[SourceQuality "1"]

1. c4 e6 2. g3 d5 3. cxd5 exd5 4. d4 Nf6 5. Bg2 Nc6 6. e3 Bb4+ 7. Nc3 0-0 8. Nge2 Bg4 9. 0-0 Re8 10. Qc2 h6 11. b3 Bxc3 12. Nxc3 Nb4 13. Qd2 Qd7 14. Bb2 Bh3 15. Rfe1 Bxg2 16. Kxg2 Rad8 17. Rad1 Nc6 18. Ne2 Ne4 19. Qc1 Ng5 20. Nf4 Nb4 21. Qc5 Nxa2 22. Qxa7 Nb4 23. Qxb7 Nc2 24. Re2 Qf5 25. Qxc7 Nb4 26. Bc3 Na6 27. Qc6 Qe4+ 1/2-1/2

[Event "ROM-ch U12 Girls"]
[Site "Calimanesti Caciulata"]
[Date "2016.04.23"]
[Round "7"]
[White "Bresug, Ariana Bianca"]
[Black "Drosu, Andreea Beatrice"]
[Result "1-0"]
[WhiteElo "1146"]
[BlackElo "1001"]
[PlyCount "45"]
[EventDate "2016.04.18"]
[EventType "swiss"]
[EventRounds "9"]
[EventCountry "ROU"]
[SourceTitle "CBM 172 Extra"]
[Source "ChessBase"]
[SourceDate "2016.06.21"]
[SourceVersion "1"]
[SourceVersionDate "2016.06.21"]
[SourceQuality "1"]

1. e4 e6 2. Bc4 Bc5 3. Nf3 Nc6 4. d3 Nf6 5. Bg5 0-0 6. 0-0 h6 7. Bh4 e5 8. h3 d6 9. Nc3 Bd7 10. Nd5 Be6 11. Nxf6+ gxf6 12. Bb3 Bxb3 13. axb3 Nd4 14. Nh2 Re8 15. Ng4 Kg7 16. Bxf6+ Kg6 17. Bxd8 Raxd8 18. Qd2 Rh8 19. Kh1 Rdf8 20. f4 exf4 21. Qxf4 Kh7 22. Qxh6+ Kg8 23. Nf6# 1-0

[Event "ROM-ch U12 Girls"]
[Site "Calimanesti Caciulata"]
[Date "2016.04.20"]
[Round "3"]
[White "Drosu, Andreea Beatrice"]
[Black "Petrescu, Andreea"]
[Result "0-1"]
[WhiteElo "1001"]
[BlackElo "1237"]
[PlyCount "90"]
[EventDate "2016.04.18"]
[EventType "swiss"]
[EventRounds "9"]
[EventCountry "ROU"]
[SourceTitle "CBM 172 Extra"]
[Source "ChessBase"]
[SourceDate "2016.06.21"]
[SourceVersion "1"]
[SourceVersionDate "2016.06.21"]
[SourceQuality "1"]

1. d4 d5 2. Nf3 Nc6 3. Nc3 Nf6 4. Bg5 e6 5. e3 Be7 6. Bd3 h6 7. Bh4 Bd7 8. 0-0 0-0 9. Ne5 Nxe5 10. dxe5 Ne8 11. Bxe7 Qxe7 12. e4 c6 13. exd5 exd5 14. Re1 Nc7 15. h3 Rfe8 16. Qe2 Qg5 17. g4 Re7 18. Qe3 Qxe3 19. Rxe3 d4 20. Ree1 dxc3 21. bxc3 Rae8 22. f4 Nd5 23. Rab1 b6 24. c4 Nxf4 25. Rf1 Nxd3 26. cxd3 Rxe5 27. d4 Re4 28. c5 b5 29. Rf2 Rxd4 30. Rbf1 Be6 31. Re1 Rc4 32. Re5 Rc1+ 33. Rf1 Rxf1+ 34. Kxf1 Bc4+ 35. Kf2 Rxe5 36. Kf3 Bxa2 37. Kf4 Rxc5 38. Ke3 Rd5 39. Kf2 b4 40. Ke1 b3 41. Kf2 b2 42. h4 b1Q 43. Ke3 Qd3+ 44. Kf4 Rd4+ 45. Ke5 Qe4# 0-1

[Event "ROM-ch U12 Girls"]
[Site "Calimanesti Caciulata"]
[Date "2016.04.19"]
[Round "2"]
[White "Otetea, Ioana"]
[Black "Drosu, Andreea Beatrice"]
[Result "1-0"]
[WhiteElo "1453"]
[BlackElo "1001"]
[PlyCount "75"]
[EventDate "2016.04.18"]
[EventType "swiss"]
[EventRounds "9"]
[EventCountry "ROU"]
[SourceTitle "CBM 172 Extra"]
[Source "ChessBase"]
[SourceDate "2016.06.21"]
[SourceVersion "1"]
[SourceVersionDate "2016.06.21"]
[SourceQuality "1"]

1. e4 e6 2. d4 d5 3. exd5 exd5 4. c4 c6 5. Nc3 Nf6 6. Bd3 Bb4 7. Nge2 0-0 8. 0-0 Bg4 9. f3 Bd7 10. Bg5 h6 11. Bxf6 Qxf6 12. cxd5 cxd5 13. Nxd5 Qd6 14. Nxb4 Qxb4 15. b3 Nc6 16. Bc4 b5 17. Bd5 Rfe8 18. Be4 Re7 19. Rc1 Rc8 20. Kh1 Qa3 21. Rc5 Qxa2 22. Nc3 Qa6 23. Nxb5 Rce8 24. Nc7 Qc8 25. Nxe8 Qxe8 26. Bxc6 Bxc6 27. Qc1 Rc7 28. d5 Bb5 29. Rxc7 Bxf1 30. Rc8 Qxc8 31. Qxc8+ Kh7 32. d6 Kg6 33. d7 Kh7 34. Qc7 Kg6 35. d8Q Bb5 36. Qde7 h5 37. Qxf7+ Kh6 38. Qxg7# 1-0